Normal view MARC view
  • Choudhury S.K.H. & Choudhury A.K.H

Entry Corporate Name

Number of records used in: 1

001 - CONTROL NUMBER

  • control field: 168284

003 - CONTROL NUMBER IDENTIFIER

  • control field: OSt

005 - DATE AND TIME OF LATEST TRANSACTION

  • control field: 20230313130202.0

008 - FIXED-LENGTH DATA ELEMENTS

  • fixed length control field: 230313|| aca||aabn | a|a d

040 ## - CATALOGING SOURCE

  • Original cataloging agency: OSt
  • Transcribing agency: OSt

110 ## - HEADING--CORPORATE NAME

  • Corporate name or jurisdiction name as entry element: Choudhury S.K.H. & Choudhury A.K.H

670 ## - SOURCE DATA FOUND

  • Source citation: Work cat.: (OSt)128994: Choudhury S.K.H., Elements Of Workshop Technology , 2008